| 000 | 01308nam a22002417a 4500 | ||
|---|---|---|---|
| 003 | Uzh_bibl | ||
| 008 | 260525b |||||||| |||| 00| 0 ukr d | ||
| 020 |
_a978-1-4052-5592-9 _c100.00 |
||
| 040 | _bукр. | ||
| 041 |
_2eng _aeng |
||
| 080 | _a821(410) | ||
| 090 |
_a821(410) _bМ 83 |
||
| 100 | _a Morpurgo, Michael | ||
| 245 |
_aKing of the Cloud Forests _hText |
||
| 260 |
_aLondon _b Egmont UK Limited _c2010 |
||
| 300 | _a168 s. | ||
| 520 | _aПісля порятунку в горах Тибету майже людським плем'ям, яке шанує його як бога, Ешлі доводиться обирати між поверненням до насильства села, звідки він втік, і випробуваннями мужності, що чекають на нього як на бога племені.After being rescued in the mountains of Tibet by a near-human tribe who revere him as a god, Ashley must choose between returning to the violence of the village he fled and the tests of courage that await him as the tribe's god. | ||
| 521 | _aДля підлітків | ||
| 525 | _aДля старшого шкільного віку | ||
| 546 | _aукр. | ||
| 650 | _aЛітературно-художне видання | ||
| 942 |
_2udc _cBK |
||
| 999 |
_c17982 _d17982 |
||